| 000 | 00664nam a22002057a 4500 | ||
|---|---|---|---|
| 999 |
_c170276 _d170276 |
||
| 005 | 20191212161708.0 | ||
| 010 | _aENG-127107 | ||
| 020 |
_c657.00 _a9789353167912 |
||
| 035 | _aEN-110639 | ||
| 037 | _bDBAD/PUB | ||
| 082 | _a657 | ||
| 100 | _aTulsian, P C | ||
| 245 |
_aTulsian's quick revision for accounting for CA foundation course / _cby PC Tulsian [and] Bharat Tulsian |
||
| 250 | _a4th ed. | ||
| 260 |
_aChennai _bMcGraw Hill Education _c2020 |
||
| 270 |
_a444/1, Sri Ekambara Naicker Industrial Estate _bPorur , Chennai _e600116 |
||
| 300 |
_avarious paging. _c22cm(pbk) |
||
| 700 | _aTulsian, Bharat | ||
| 942 |
_2ddc _cEN _h657 _mTUL |
||